Statistics for Coen Brothers Movies

Click here to take the quiz!

General Stats

  • This quiz has been taken 82 times
  • The average score is 13 of 19

Answer Stats

YearAnswer% Correct
1996Fargo
92%
1998The Big Lebowski
91%
2007No Country for Old Men
88%
2000O Brother, Where Art Thou?
82%
2008Burn After Reading
78%
1991Barton Fink
77%
1987Raising Arizona
75%
2010True Grit
75%
1990Miller's Crossing
72%
2016Hail, Caesar!
69%
2018The Ballad of Buster Scruggs
69%
1984Blood Simple
66%
1994The Hudsucker Proxy
62%
2009A Serious Man
60%
2013Inside Llewyn Davis
60%
2004The Ladykillers
57%
2021The Tragedy of Macbeth
55%
2001The Man Who Wasn't There
52%
2003Intolerable Cruelty
49%

Score Distribution

Percentile by Number Answered

Percent of People with Each Score

Your Score History

You have not taken this quiz